Ghalib the poet and his age / (Record no. 130243)

MARC details
000 -LEADER
fixed length control field 00732nam a22002417a 4500
003 - CONTROL NUMBER IDENTIFIER
control field dpl
005 - DATE AND TIME OF LATEST TRANSACTION
control field 20180524145213.0
008 - FIXED-LENGTH DATA ELEMENTS--GENERAL INFORMATION
fixed length control field 180524b xxu||||| |||| 00| 0 eng d
010 ## - LIBRARY OF CONGRESS CONTROL NUMBER
LC control number A-936248
020 ## - INTERNATIONAL STANDARD BOOK NUMBER
Terms of availability 195.00
International Standard Book Number 9780195643633
035 ## - SYSTEM CONTROL NUMBER
System control number A-936248, A-936255
037 ## - SOURCE OF ACQUISITION
Source of stock number/acquisition Cen Lib/Ret
040 ## - CATALOGING SOURCE
Original cataloging agency DPL
Language of cataloging EN
Transcribing agency 0
082 ## - DEWEY DECIMAL CLASSIFICATION NUMBER
Classification number 921
Item number GHA
245 ## - TITLE STATEMENT
Title Ghalib the poet and his age /
Statement of responsibility, etc edited by Ralph Russell
260 ## - PUBLICATION, DISTRIBUTION, ETC. (IMPRINT)
Place of publication, distribution, etc New York
Name of publisher, distributor, etc Delhi Oxford University Press
Date of publication, distribution, etc 1997
270 ## - ADDRESS
Address New York
City New York
300 ## - PHYSICAL DESCRIPTION
Extent 131p.
Dimensions 20cm(pbk)
650 ## - SUBJECT ADDED ENTRY--TOPICAL TERM
Topical term or geographic name as entry element Urdu Poetry
9 (RLIN) 28693
650 ## - SUBJECT ADDED ENTRY--TOPICAL TERM
Topical term or geographic name as entry element Ghalib, Mirza Asadullah Khan, -- 1797-1869.
9 (RLIN) 28694
700 ## - ADDED ENTRY--PERSONAL NAME
Personal name Russell, Ralph
9 (RLIN) 23606
942 ## - ADDED ENTRY ELEMENTS (KOHA)
Source of classification or shelving scheme Dewey Decimal Classification
Koha item type English Books
Classification part 921
Call number suffix GHA
Holdings
Withdrawn status Lost status Damaged status Not for loan Home library Current library Date acquired Source of acquisition Cost, normal purchase price Total Checkouts Full call number Barcode Date last seen Copy number Cost, replacement price Price effective from Koha item type Source of classification or shelving scheme Collection code
        Central Library Central Library 08/07/2015 Cen Lib/Ret 195.00   921 GHA A-936248 08/07/2015 1 195.00 08/07/2015 English Books    
        Shahdara Branch Shahdara Branch 24/05/2018 BPPD/PUB 195.00   921 GHA A-936255 24/05/2018   195.00 24/05/2018 English Books Dewey Decimal Classification Non-fiction

© Delhi Public Library
Hit Counter
free hit counter